000 01186nam a22003857a 4500
001 0074
003 DO-SdBNP
005 20180125121005.0
007 0074
008 151102b 1988 sp|| |||| 00| 0 spa d
020 _a8475251749
040 _aBPMSU
_bspa
_cBPMSU
041 1 7 _aspa
_h
082 _a823.8
_bW453g 1988
092 _a
_b
100 1 0 _aWells, Herbert George,
_d1866-1946
240 _aThe war of the worlds
_lEspañol
245 1 3 _aLa guerra de los mundos /
_cHerbert George Wells ; traducción Ramiro de Maeztu ; ilustración Mario Lacoma
250 _a4a ed.
260 _aMadrid, España :
_bAnaya,
_c1988
300 _a224 p. :
_bil. ;
_c21 cm.
490 1 0 _aTus libros ;
_aCiencia ficción
_v44
490 1 0 _v44
504 _aIncluye referencias bibliográficas y notas al pie de las páginas
650 _aNOVELA JUVENIL INGLESA
650 _aLITERATURA JUVENIL INGLESA
700 1 0 _aMaeztu, Ramiro de,
_etr.
700 1 0 _aLacoma, Mario,
_eil.
830 0 0 _aTus libros ;
_pCiencia ficción
_v44
830 0 0 _n
942 _2ddc
_cBK
945 _ainventariado, 2018 / dg
956 _aBrenda Tavárez
956 _aVMATEO
_b10
_c20161121
_dBPMSU
_f0069
999 _c8510
_d8510